Mexican States Flags - Statistics

General Stats
  • This quiz has been taken 57 times
  • The average score is 26 of 32
Answer Stats
Picture Answer % Correct
Baja California
91%
Mexico City
91%
Chihuahua
88%
México
88%
Baja California Sur
85%
Guanajuato
85%
Tamaulipas
85%
Tlaxcala
85%
Aguascalientes
82%
Chiapas
82%
Guerrero
82%
Jalisco
82%
Nayarit
82%
Sinaloa
82%
Sonora
82%
Veracruz
82%
Yucatán
82%
Colima
79%
Puebla
79%
Coahuila
76%
Oaxaca
76%
Tabasco
76%
Zacatecas
76%
Campeche
74%
Durango
74%
Hidalgo
74%
Morelos
74%
Nuevo León
74%
Querétaro
74%
San Luis Potosí
74%
Quintana Roo
71%
Michoacán
68%
No matching quizzes found
Score Distribution
Percent of People with Each Score
Percentile by Number Answered
Your Score History
You have not taken this quiz